000 00637nam a2200193Ii 4500
003 JO-AjNU
008 230605s9999||||xx |||||||||||||| ||und||
040 _aJO-AjNU
_bara
_erda
_cJO-AjNU
041 _aara
050 1 4 _aDS115.2 1981
100 3 _aتاليف المزين، عبد الرحمن,
_eauthor
_934547
245 0 0 _aتاريخ فلسطين للفتيان: العصر القديم
264 3 1 _aبيروت: دار النورس، 1981
300 _a109ص
336 _atext
_btxt
_2rdacontent
337 _aunmediated
_bn
_2rdamedia
338 _avolume
_bnc
_2rdacarrier
650 4 _aفلسطين- تاريخ قديم
_934548
999 _aA14177
_c17745
_d17745